Países y estados del Cáucaso - Estadísticas

Estadísticas generales
  • Esta prueba ha sido intentada 2.263 veces
  • La puntuación promedio es 6 de 7
Respuestas en el mapa
Las respuestas están codificadas por una escala verde-roja en el mapa de la prueba según el % correcto abajo.
 
Estadísticas de respuestas
Países % Correcto
Georgia
98%
Turquía
98%
Armenia
96%
Azerbaiyán
95%
Rusia
95%
Osetia del Sur
44%
Abjasia
41%
No se encontraron pruebas coincidentes
Distribución de puntuación
Porcentaje de gente con cada puntuación
Porcentaje por número respondido
Historial de tus puntuaciones
No has intentado esta prueba.